000
00332nam a2200157Ia 4500
003
OSt
005
20240412150512.0
008
170524s9999 xx 000 0 und d
020
_a
978-1118061145
040
_c
iimtu
100
_a
Krane Kenneth
245
0
_a
Modern Physics
260
_b
Wiley
260
_c
2006
942
_2
ddc
_c
02
999
_c
5607
_d
5607